Hiding in the Shadows : The Growth of the Underground Economy /

Examines the role of the shadow, or underground, economy. Looks at ways of measuring it, the relationship between the shadow economy and the main stream economy, why it has been growing in size, and its effects on overall economic growth. How can states limit the size of the shadow economy, and does...

Ausführliche Beschreibung

Bibliographische Detailangaben
1. Verfasser: Schneider, Friedrich
Weitere Verfasser: Enste, Dominik
Format: Zeitschrift
Sprache:English
Veröffentlicht: Washington, D.C. : International Monetary Fund, 2003.
Schriftenreihe:Economic Issues; Economic Issues ; No. 2002/001
Online Zugang:Full text available on IMF
LEADER 01525cas a2200265 a 4500
001 AALejournalIMF012706
008 230101c9999 xx r poo 0 0eng d
020 |c 5.00 USD 
020 |z 9781589061552 
022 |a 1020-8402 
040 |a BD-DhAAL  |c BD-DhAAL 
100 1 |a Schneider, Friedrich. 
240 1 0 |a Hiding in the Shadows: The Growth of the Underground Economy.  |l Russian 
245 1 0 |a Hiding in the Shadows :   |b The Growth of the Underground Economy /  |c Friedrich Schneider, Dominik Enste. 
264 1 |a Washington, D.C. :  |b International Monetary Fund,  |c 2003. 
300 |a 1 online resource (25 pages) 
490 1 |a Economic Issues 
500 |a <strong>Off-Campus Access:</strong> No User ID or Password Required 
500 |a <strong>On-Campus Access:</strong> No User ID or Password Required 
506 |a Electronic access restricted to authorized BRAC University faculty, staff and students 
520 3 |a Examines the role of the shadow, or underground, economy. Looks at ways of measuring it, the relationship between the shadow economy and the main stream economy, why it has been growing in size, and its effects on overall economic growth. How can states limit the size of the shadow economy, and does it matter that it exists? 
538 |a Mode of access: Internet 
700 1 |a Enste, Dominik. 
830 0 |a Economic Issues; Economic Issues ;  |v No. 2002/001 
856 4 0 |z Full text available on IMF  |u http://elibrary.imf.org/view/books/051/03089-9781589061552-ru/03089-9781589061552-ru-book.xml  |z IMF e-Library